000 00893nam a22002177a 4500
003 OSt
005 20250913144639.0
008 240214b ||||| |||| 00| 0 eng d
040 _c0
082 _aDPer 621.381 In821 April 2022 v. 37 n. 4
100 _aLiu, Wei.
_eauthor.
_952301
245 _aWireless energy trading in traffic internet /
_cWei Liu, K. T. Chau, Calvin C. T. Chow, and Christopher H. T. Lee.
260 _aNew York ;
_bThe Institute of Electrical and Electronics Engineers, Inc. ,
_cApril 2022.
300 _aVolume 37, pages 4831-4841 :
_billustration ;
_c28 cm.
500 _aIEEE Transaction on Power Electronics, vol. 37, no. 4, pages 4831-4841, April 2022.
700 _aLiu, Wei.
_eauthor.
_952301
700 _aChau, K. T.
_eauthor.
_952302
700 _aChow, Calvin C. T.
_eauthor.
_952303
700 _aLee, Christopher H. T.
_eauthor.
_952304
942 _2ddc
_cPER
999 _c19133
_d19133